Central Library OPAC University of Rajshahi

Treatise on Thermodynamics / (Record no. 72497)

MARC details
000 -LEADER
fixed length control field 00981nam a2200265 a 4500
001 - CONTROL NUMBER
control field 72497
003 - CONTROL NUMBER IDENTIFIER
rucl marc code BD-RjUL
005 - DATE AND TIME OF LATEST TRANSACTION
control field 20211209082252.0
008 - FIXED-LENGTH DATA ELEMENTS--GENERAL INFORMATION
fixed length control field 170520s1926 enka b 001 0 eng d
035 ## - SYSTEM CONTROL NUMBER
System control number (BD-RjUL)72715
040 ## - CATALOGING SOURCE
Original cataloging agency DRB
Transcribing agency DRB
Modifying agency IAY
-- BD-RjUL
Language of cataloging eng
041 1# - LANGUAGE CODE
Language code of text/sound track or separate title eng
Language code of original ger
082 ## - DEWEY DECIMAL CLASSIFICATION NUMBER
Edition number 23
Classification number 536.7
Author mark and year PLT 1926
090 ## - LOCALLY ASSIGNED LC-TYPE CALL NUMBER (OCLC); LOCAL CALL NUMBER (OCLC)
Classification number (OCLC) (R) ; Classification number, CALL (RLIN) (NR) QC311.P72x 1903
100 1# - MAIN ENTRY--PERSONAL NAME
Personal name Planck, Max
Dates associated with a name 1858-1947.
9 (RLIN) 155850
245 10 - TITLE STATEMENT
Title Treatise on Thermodynamics /
Statement of responsibility, etc. by Max Planck ; translated with the author's sanction by Alexander Ogg.
250 ## - EDITION STATEMENT
Edition statement First American ed.
260 ## - PUBLICATION, DISTRIBUTION, ETC. (IMPRINT)
Place of publication, distribution, etc. London :
Name of publisher, distributor, etc. Dover pub.,
Date of publication, distribution, etc. 1926.
300 ## - PHYSICAL DESCRIPTION
Pagination xiv, 272 p. ;
Illustrations ill. ;
Size 23 cm.
500 ## - GENERAL NOTE
General note "Catalogue of the author's publications on thermodynamics, excluding the applications to electricity, with a reference to the paragraphs of this book, which deal with the same point": p. [264]-265.
650 #0 - SUBJECT ADDED ENTRY--TOPICAL TERM
Topical term or geographic name as entry element Thermodynamics.
9 (RLIN) 214422
700 1# - ADDED ENTRY--PERSONAL NAME
Personal name Ogg, Alexander.
942 ## - ADDED ENTRY ELEMENTS (KOHA)
Source of classification or shelving scheme Dewey Decimal Classification
Koha item type Books
Holdings
Lost status Source of classification or shelving scheme Damaged status Not for loan Collection code Permanent Location Current Location Shelving location Date acquired Source of acquisition Cost, normal purchase price Total Checkouts Full call number Date last seen Copy number Koha item type
  Dewey Decimal Classification   Not For Loan Non-fiction Central Library, University of Rajshahi Central Library, University of Rajshahi Reading Room 14/03/1963 Zeetlinger 12.00   536.7 PLT 1926 20/05/2017 C-1 Books